Digital Library and Services (Record no. 1939)

MARC details
000 -LEADER
fixed length control field 00358 a2200169 4500
000 - LEADER
fixed length control field nam a22 7a 4500
001 - CONTROL NUMBER
control field 1939
005 - DATE AND TIME OF LATEST TRANSACTION
control field 20260410125240.0
020 ## - INTERNATIONAL STANDARD BOOK NUMBER
International Standard Book Number 978-123-456-76
100 ## - MAIN ENTRY--PERSONAL NAME
Personal name P.K. Singh
110 ## - MAIN ENTRY--CORPORATE NAME
Corporate name or jurisdiction name as entry element P.K. Singh
245 ## - TITLE STATEMENT
Title Digital Library and Services
250 ## - EDITION STATEMENT
Edition statement 3rd
260 ## - PUBLICATION, DISTRIBUTION, ETC.
Name of publisher, distributor, etc. Ab
Date of publication, distribution, etc. 2026
264 ## - PRODUCTION, PUBLICATION, DISTRIBUTION, MANUFACTURE, AND COPYRIGHT NOTICE
Name of producer, publisher, distributor, manufacturer Ab
Date of production, publication, distribution, manufacture, or copyright notice 2026
942 ## - ADDED ENTRY ELEMENTS (KOHA)
Koha item type Books
Holdings
Withdrawn status Lost status Source of classification or shelving scheme Damaged status Not for loan Home library Current library Date acquired Total checkouts Barcode Date last seen Price effective from Koha item type
    Dewey Decimal Classification     Centerville Centerville 10/04/2026   CPL26040012 10/04/2026 10/04/2026 BOOKS